000 00776nam a2200229 a 4500
001 001094793
003 AM-YeHGA
005 20250617151532.0
008 150729s1981 pau r 000 0 eng d
020 _a0812277953
040 _aAM-YeHGA
041 0 _aeng
100 1 _aHamlin, Arthur T.
245 1 4 _aThe university library in the United States :
_bIts origins and development /
_cArthur T. Hamlin.
260 _aPhiladelphia :
_bUniversity of Pennsylvania Press,
_c1981.
300 _axiii, 271 p. :
_b[1 l.] : ill.
504 _aIncludes bibliogr. references : (p. 254-263) with index
650 1 4 _aAcademic libraries
_xHistory
_zUnited States
650 1 4 _aUniversities
_xHistory
_zUnited States
650 1 4 _aLibraries
_xHistory
_zUnited States
090 _c355010
999 _c353194
_d353194